[Event "Egypt Open 2016"]
[Site "Eastern Company Club"]
[Date "2016.04.23"]
[Round "2"]
[Board "12"]
[White "Hussein, Moustafa"]
[Black "El Ghazali, Youssef M."]
[Result "0-1"]
[WhiteElo "2016"]
[BlackElo "2320"]
[PlyCount "58"]
[EventDate "2016.04.22"]
[EventRounds "9"]
[EventCountry "EGY"]

1. d4 Nf6 2. Nf3 c5 3. e3 e6 4. c4 d5 5. Nc3 Nc6 6. cxd5 exd5 7. Ne5 Bd6 8. Bb5
Qc7 9. f4 O-O 10. O-O cxd4 11. exd4 Nxd4 12. Be3 Nf5 13. Bf2 d4 14. Ne2 Bxe5
15. fxe5 Qxe5 16. Qd3 Ng4 17. Bg3 Nxg3 18. Nxg3 Qe3+ 19. Qxe3 Nxe3 20. Rf4 Rd8
21. Bd3 Ng4 22. Re1 Bd7 23. Re7 Nf6 24. Rxd4 Kf8 25. Re3 Be6 26. Rxd8+ Rxd8 27.
a3 Ng4 28. Rf3 Ne5 29. Be4 Nxf3+ 0-1

[Event "Egypt Open 2016"]
[Site "Eastern Company Club"]
[Date "2016.04.23"]
[Round "2"]
[Board "14"]
[White "Fadi, Marko"]
[Black "Ibrahim, Mahmoud"]
[Result "1-0"]
[WhiteElo "2276"]
[BlackElo "2000"]
[PlyCount "41"]
[EventDate "2016.04.22"]
[EventRounds "9"]
[EventCountry "EGY"]

1. d4 Nf6 2. Nf3 e6 3. g3 c5 4. Bg2 Nc6 5. O-O d5 6. b3 cxd4 7. Nxd4 Bc5 8. Bb2
Bd7 9. c4 Bxd4 10. Bxd4 dxc4 11. Bc5 Qa5 12. b4 Qc7 13. Na3 O-O-O 14. Nb5 Qe5
15. Nd6+ Kb8 16. Nxf7 Qh5 17. Nxh8 Rxh8 18. Qd6+ Ka8 19. b5 Nd8 20. Be3 Ng4 21.
h3 1-0

[Event "Egypt Open 2016"]
[Site "Eastern Company Club"]
[Date "2016.04.23"]
[Round "2"]
[Board "15"]
[White "Yousry, Mohamed"]
[Black "Ehab, Mohamed"]
[Result "1/2-1/2"]
[WhiteElo "2267"]
[BlackElo "1995"]
[PlyCount "76"]
[EventDate "2016.04.22"]
[EventRounds "9"]
[EventCountry "EGY"]

1. e4 e6 2. d4 d5 3. exd5 exd5 4. Bd3 Nf6 5. h3 c5 6. c3 Nc6 7. Nf3 Bd6 8. O-O
O-O 9. Be3 c4 10. Bc2 b5 11. b3 b4 12. bxc4 dxc4 13. cxb4 Nxb4 14. Nc3 Nxc2 15.
Qxc2 Bb7 16. Ne5 Bxe5 17. dxe5 Nd5 18. Nxd5 Qxd5 19. f4 Rfd8 20. Rfd1 Qe4 21.
Qxe4 Bxe4 22. Rxd8+ Rxd8 23. Rc1 Bd3 24. Bxa7 Ra8 25. Bd4 Rxa2 26. Ra1 Rxa1+
27. Bxa1 Kf8 28. Kf2 Ke7 29. g4 Ke6 30. f5+ Kd5 31. Ke3 h5 32. Kf4 hxg4 33.
hxg4 Kc6 34. Bc3 Kd7 35. Bb4 g6 36. Kg5 gxf5 37. gxf5 Ke8 38. Kf6 Bb1 1/2-1/2

[Event "Egypt Open 2016"]
[Site "Eastern Company Club"]
[Date "2016.04.23"]
[Round "2"]
[Board "16"]
[White "Abdel Hameed, Mazen"]
[Black "Yousry, Salah"]
[Result "0-1"]
[WhiteElo "2000"]
[BlackElo "2266"]
[PlyCount "92"]
[EventDate "2016.04.22"]
[EventRounds "9"]
[EventCountry "EGY"]

1. e4 d5 2. exd5 Nf6 3. d4 Bg4 4. f3 Bf5 5. Bb5+ Nbd7 6. c4 a6 7. Ba4 b5 8.
cxb5 Nb6 9. bxa6+ Nxa4 10. Qxa4+ Bd7 11. Qc4 e6 12. Nc3 exd5 13. Nxd5 Nxd5 14.
Qxd5 Bb4+ 15. Bd2 Bxd2+ 16. Kxd2 O-O 17. Ne2 Rxa6 18. Nc3 Rd6 19. Qc5 Qf6 20.
Rae1 Rxd4+ 21. Kc1 Bf5 22. Qe5 Qh6+ 23. Qe3 Qb6 24. g4 Be6 25. h4 Rfd8 26. Rh2
h6 27. Kb1 c5 28. Qc1 Qa6 29. Rhe2 Qd3+ 30. Ka1 Qxf3 31. g5 Rxh4 32. g6 Rhd4
33. gxf7+ Bxf7 34. Re7 Rd2 35. R7e3 Qa8 36. a3 Qb7 37. Ne4 Qd5 38. Nc3 Qb3 39.
Re8+ Bxe8 40. Rxe8+ Rxe8 41. Qxd2 Rf8 42. Qe2 Rb8 43. a4 h5 44. a5 h4 45. a6
Ra8 46. Kb1 Qf7 0-1

[Event "Egypt Open 2016"]
[Site "Eastern Company Club"]
[Date "2016.04.23"]
[Round "2"]
[Board "18"]
[White "Mohamed, Tamer"]
[Black "Yasseen, Aly"]
[Result "0-1"]
[WhiteElo "2000"]
[BlackElo "2265"]
[PlyCount "102"]
[EventDate "2016.04.22"]
[EventRounds "9"]
[EventCountry "EGY"]

1. Nf3 c5 2. g3 g6 3. Bg2 Bg7 4. O-O e5 5. d3 Ne7 6. e4 O-O 7. Nc3 Nbc6 8. Be3
d6 9. Qd2 f5 10. Bh6 f4 11. Bxg7 Kxg7 12. Ne2 Bg4 13. c3 Bxf3 14. Bxf3 g5 15.
gxf4 exf4 16. d4 Ng6 17. Kh1 Qe7 18. Ng1 Qf6 19. Rad1 Rae8 20. Rfe1 Re7 21. Bg4
Nh4 22. Nf3 Nxf3 23. Bxf3 Kh8 24. Bg4 Qg6 25. f3 Qf7 26. b3 h5 27. Bf5 Qf6 28.
Rg1 Rg7 29. Qf2 Ne7 30. Bh3 b6 31. Rd2 Rfg8 32. Re1 g4 33. fxg4 hxg4 34. Bf1
Qh6 35. dxc5 bxc5 36. Bc4 Rf8 37. Red1 Rf6 38. b4 cxb4 39. e5 dxe5 40. Rd8+ Ng8
41. Bxg8 Rxg8 42. Rxg8+ Kxg8 43. Qxa7 Rf8 44. Qd7 g3 45. Qd5+ Rf7 46. Qg2 bxc3
47. Kg1 Qxh2+ 48. Qxh2 gxh2+ 49. Kxh2 Rc7 50. Rc1 Kh7 51. a4 e4 0-1

[Event "Egypt Open 2016"]
[Site "Eastern Company Club"]
[Date "2016.04.23"]
[Round "2"]
[Board "19"]
[White "Ahmed, Ali Layth Ahmed"]
[Black "Ismail, Hany"]
[Result "1-0"]
[WhiteElo "2257"]
[BlackElo "1961"]
[PlyCount "91"]
[EventDate "2016.04.22"]
[EventRounds "9"]
[EventCountry "EGY"]

1. d4 d5 2. c4 dxc4 3. e3 e5 4. Bxc4 exd4 5. Nf3 Bb4+ 6. Bd2 Bxd2+ 7. Qxd2 Nf6
8. Nxd4 O-O 9. O-O a6 10. Qc2 c5 11. Nf5 Bxf5 12. Qxf5 Nbd7 13. Nc3 Qe7 14. Bd5
Rab8 15. Rad1 b5 16. Bf3 Nb6 17. e4 Rfe8 18. Qf4 Nc4 19. b3 Ne5 20. Be2 Ng6 21.
Qc1 Nxe4 22. Nxe4 Qxe4 23. Bf3 Qe7 24. Rd5 Rbc8 25. g3 Ne5 26. Bg2 c4 27. bxc4
bxc4 28. Qc3 Nd3 29. h4 Nb4 30. Rg5 f6 31. Ra5 Qd6 32. a3 Nd3 33. Bb7 Rc7 34.
Rxa6 Qe5 35. Qc2 Qb5 36. Ra8 Rxa8 37. Bxa8 Kf7 38. Be4 Ne5 39. Rb1 Qc5 40. a4
Qd4 41. Rd1 Qc5 42. Bd5+ Ke8 43. Qxh7 Qf8 44. Qb1 Qe7 45. Qb8+ Kd7 46. Bxc4+
 1-0

[Event "Egypt Open 2016"]
[Site "Eastern Company Club"]
[Date "2016.04.23"]
[Round "2"]
[Board "20"]
[White "Ibrahim, Sarwat"]
[Black "Amin, Ashraf"]
[Result "0-1"]
[WhiteElo "1995"]
[BlackElo "2257"]
[PlyCount "72"]
[EventDate "2016.04.22"]
[EventRounds "9"]
[EventCountry "EGY"]

1. e4 c5 2. Nf3 Nc6 3. d4 cxd4 4. Nxd4 Nf6 5. Nc3 e5 6. Ndb5 d6 7. Bg5 a6 8.
Na3 b5 9. Nd5 Be7 10. Bxf6 Bxf6 11. c3 O-O 12. Be2 Bg5 13. O-O Be6 14. Nc2 g6
15. f4 exf4 16. Nxf4 Bxf4 17. Rxf4 Ne5 18. Qd4 Qg5 19. Rf2 Rfd8 20. Nb4 a5 21.
Nd5 Bxd5 22. Qxd5 b4 23. Raf1 bxc3 24. bxc3 Rac8 25. Qd4 h5 26. Rf6 h4 27. h3
Qg3 28. c4 Qa3 29. Qd2 Rb8 30. Qh6 Qg3 31. Qd2 a4 32. Kh1 a3 33. Qa5 Rd7 34.
Bf3 Rb2 35. Qxa3 Rd2 36. Qe3 Rxg2 0-1

[Event "Egypt Open 2016"]
[Site "Eastern Company Club"]
[Date "2016.04.23"]
[Round "2"]
[Board "21"]
[White "Nyazi, Nehad"]
[Black "Yehya, Waleed"]
[Result "1-0"]
[WhiteElo "2242"]
[BlackElo "1958"]
[PlyCount "101"]
[EventDate "2016.04.22"]
[EventRounds "9"]
[EventCountry "EGY"]

1. d4 Nf6 2. c4 e6 3. Nf3 Bb4+ 4. Bd2 Bxd2+ 5. Qxd2 b6 6. Nc3 Bb7 7. d5 d6 8.
e4 O-O 9. Bd3 e5 10. O-O a5 11. Rae1 Nbd7 12. Bc2 Nh5 13. g3 Nc5 14. Nh4 g6 15.
Qh6 Qf6 16. Nf5 gxf5 17. Qxh5 f4 18. gxf4 Qxf4 19. Re3 Kh8 20. Rf3 Rg8+ 21. Kh1
Qg5 22. Qxg5 Rxg5 23. Rxf7 Rg7 24. Rxg7 Kxg7 25. f4 exf4 26. Rxf4 Re8 27. Nb5
Re7 28. Nd4 Bc8 29. b3 Rf7 30. Rxf7+ Kxf7 31. Nb5 Na6 32. e5 dxe5 33. Bxh7 Bd7
34. Nc3 Nc5 35. Kg2 Kf6 36. h4 c6 37. Kf3 b5 38. Ne4+ Nxe4 39. Bxe4 c5 40. cxb5
Bxb5 41. Ke3 a4 42. bxa4 Bxa4 43. Kd3 Bb5+ 44. Kc3 Be2 45. a4 Ke7 46. a5 Kd6
47. a6 Bxa6 48. h5 Ke7 49. d6+ Kxd6 50. h6 Bb7 51. Bxb7 1-0

[Event "Egypt Open 2016"]
[Site "Eastern Company Club"]
[Date "2016.04.23"]
[Round "2"]
[Board "22"]
[White "Mabrook, Hamdy"]
[Black "Ezat, Abdallah"]
[Result "0-1"]
[WhiteElo "1991"]
[BlackElo "2239"]
[PlyCount "66"]
[EventDate "2016.04.22"]
[EventRounds "9"]
[EventCountry "EGY"]

1. Nf3 Nf6 2. g3 d5 3. d4 c5 4. c3 Nc6 5. Bg2 e6 6. O-O Bd6 7. Na3 c4 8. Nc2
O-O 9. Bg5 Be7 10. Bxf6 gxf6 11. e4 Kh8 12. exd5 exd5 13. Ne3 f5 14. Nd2 Be6
15. Qh5 Rg8 16. f4 Qb6 17. Rab1 Nxd4 18. cxd4 Qxd4 19. Qe2 Bc5 20. Rfe1 Rae8
21. Nf3 Qg7 22. Kh1 b5 23. Ng5 d4 24. Nxe6 Rxe6 25. Nxf5 Rxe2 26. Nxg7 Rxe1+
27. Rxe1 Kxg7 28. Re5 Rc8 29. Bb7 Rc7 30. Be4 b4 31. Rg5+ Kf8 32. Bxh7 d3 33.
Be4 Bb6 0-1

[Event "Egypt Open 2016"]
[Site "Eastern Company Club"]
[Date "2016.04.23"]
[Round "2"]
[Board "23"]
[White "Nagdy, Wael"]
[Black "Saber, Ibrahim"]
[Result "0-1"]
[WhiteElo "1972"]
[BlackElo "2230"]
[PlyCount "86"]
[EventDate "2016.04.22"]
[EventRounds "9"]
[EventCountry "EGY"]

1. e4 e5 2. Nf3 Nc6 3. Bc4 Bc5 4. b4 Bxb4 5. c3 Ba5 6. Qb3 Qe7 7. O-O Nf6 8. d4
O-O 9. d5 Nd8 10. Nbd2 d6 11. Bd3 Nd7 12. Ba3 Bb6 13. Qc2 Nc5 14. Nc4 Nxd3 15.
Qxd3 a6 16. Qe2 Qe8 17. Nxd6 cxd6 18. Bxd6 f6 19. Bxf8 Qxf8 20. Nd2 Nf7 21. a4
a5 22. Qb5 Ra6 23. Nc4 Nd6 24. Nxd6 Qxd6 25. Qe8+ Qf8 26. Qb5 Kf7 27. Qd3 Bc5
28. Kh1 g5 29. Rab1 Rd6 30. g3 g4 31. f4 gxf3 32. Qxf3 Qh6 33. Rb2 b6 34. g4
Qe3 35. g5 Qxf3+ 36. Rxf3 Bg4 37. Rg3 Bd7 38. Rbg2 f5 39. Rh3 Kg7 40. Rh6 Rxh6
41. gxh6+ Kxh6 42. exf5 Bxf5 43. Rf2 Bg4 0-1

[Event "Egypt Open 2016"]
[Site "Eastern Company Club"]
[Date "2016.04.23"]
[Round "2"]
[Board "24"]
[White "Abdo, Hany Elsayed"]
[Black "Ragheb, Malak"]
[Result "0-1"]
[WhiteElo "1957"]
[BlackElo "2226"]
[PlyCount "92"]
[EventDate "2016.04.22"]
[EventRounds "9"]
[EventCountry "EGY"]

1. e4 e5 2. Nf3 Nc6 3. Bb5 a6 4. Ba4 Nf6 5. O-O Be7 6. Re1 b5 7. Bb3 d6 8. c3
Na5 9. Bc2 c5 10. d4 Qc7 11. h3 O-O 12. Nbd2 Bd7 13. d5 c4 14. Nf1 Nb7 15. Bg5
Nc5 16. Ng3 Rab8 17. Qd2 Qb6 18. Nh4 g6 19. b4 Nd3 20. Bxd3 cxd3 21. Bh6 Rfc8
22. Nhf5 Bd8 23. Ne3 Qa7 24. Qxd3 Kh8 25. Nd1 a5 26. Be3 Qc7 27. Rc1 Qc4 28.
Qb1 Bb6 29. Bxb6 Rxb6 30. Ne3 Qc7 31. a3 Qa7 32. Kh1 axb4 33. axb4 Ra6 34. Re2
Ra3 35. Qd3 h5 36. Rec2 Ra1 37. Rxa1 Qxa1+ 38. Kh2 Ra8 39. Ne2 Qe1 40. Rc1 Qxf2
41. Rf1 Qh4 42. c4 bxc4 43. Nxc4 Bb5 44. Nc3 Ba6 45. Qf3 Ng4+ 46. Kg1 Bxc4 0-1

[Event "Egypt Open 2016"]
[Site "Eastern Company Club"]
[Date "2016.04.23"]
[Round "2"]
[Board "25"]
[White "Gabr, Mohsen"]
[Black "Aly, Talal"]
[Result "1-0"]
[WhiteElo "2225"]
[BlackElo "1955"]
[PlyCount "95"]
[EventDate "2016.04.22"]
[EventRounds "9"]
[EventCountry "EGY"]

1. Nf3 d5 2. c4 e6 3. g3 Nf6 4. Bg2 c6 5. b3 g6 6. Bb2 Bg7 7. O-O O-O 8. d3
Nbd7 9. Nbd2 Re8 10. Qc2 e5 11. e4 d4 12. b4 Nf8 13. c5 Bg4 14. Nc4 Bxf3 15.
Bxf3 Qc7 16. Bg2 Ne6 17. Rac1 b5 18. Na5 Nd7 19. Qd2 g5 20. Bh3 Ndf8 21. Qd1 h6
22. Bf5 Ng6 23. Qh5 Nef8 24. Qe2 Ne7 25. Bh3 Nfg6 26. f3 Rf8 27. Rf2 Rae8 28.
Re1 f5 29. exf5 Nxf5 30. Qe4 Nfe7 31. Bg2 Rf6 32. Ref1 Ref8 33. Qe1 Nd5 34. a3
Nge7 35. Bh3 Nf5 36. Bxf5 Rxf5 37. Bc1 R5f6 38. Kg2 Qf7 39. Bd2 Qh5 40. Qe4 Qg6
41. Nxc6 Qxe4 42. fxe4 Rxf2+ 43. Rxf2 Rxf2+ 44. Kxf2 Nc3 45. Bxc3 dxc3 46. Ke2
h5 47. Nxa7 h4 48. c6 1-0

[Event "Egypt Open 2016"]
[Site "Eastern Company Club"]
[Date "2016.04.23"]
[Round "2"]
[Board "26"]
[White "Ragaa, Hassan"]
[Black "Kamel, Mahmoud"]
[Result "0-1"]
[WhiteElo "1953"]
[BlackElo "2223"]
[PlyCount "60"]
[EventDate "2016.04.22"]
[EventRounds "9"]
[EventCountry "EGY"]

1. d4 d5 2. Nc3 c5 3. e4 dxe4 4. d5 Nf6 5. Bg5 Nbd7 6. f3 exf3 7. Nxf3 g6 8. d6
Bg7 9. Qe2 e6 10. Nd5 O-O 11. Ne7+ Kh8 12. O-O-O Qa5 13. Kb1 Nd5 14. Nxd5 exd5
15. Rxd5 Nb6 16. Qd2 Qxd2 17. Rxd2 Bd7 18. Be7 Rfe8 19. Bd3 c4 20. Be4 c3 21.
Rd3 cxb2 22. Nd4 Rab8 23. h4 Nc8 24. h5 Nxe7 25. dxe7 Rxe7 26. Bf3 Kg8 27. Rhd1
b6 28. c3 Ba4 29. R1d2 Bh6 30. Rxb2 Re1+ 0-1

[Event "Egypt Open 2016"]
[Site "Eastern Company Club"]
[Date "2016.04.23"]
[Round "2"]
[Board "27"]
[White "Talaat, Moustafa Mohamed"]
[Black "Abdel Fadil, Mohamed"]
[Result "1-0"]
[WhiteElo "1949"]
[BlackElo "2217"]
[PlyCount "79"]
[EventDate "2016.04.22"]
[EventRounds "9"]
[EventCountry "EGY"]

1. d4 Nf6 2. c4 d6 3. Nc3 Nbd7 4. e4 c6 5. Nf3 e5 6. Be2 Be7 7. O-O O-O 8. Qc2
Re8 9. Re1 Qc7 10. Rb1 Nf8 11. h3 a6 12. d5 c5 13. b4 b6 14. Be3 Bd7 15. a4 a5
16. bxc5 dxc5 17. Nb5 Bxb5 18. Rxb5 Bd6 19. Reb1 N6d7 20. Nh4 g6 21. Bh6 Qd8
22. Nf3 f6 23. Ne1 Rb8 24. Bg4 Qe7 25. Bxf8 Rxf8 26. Bxd7 Qxd7 27. Rxb6 f5 28.
Rxb8 Bxb8 29. Nd3 Qd6 30. f3 fxe4 31. fxe4 Qf6 32. Qf2 Qa6 33. Qc2 Qf6 34. Kh2
Bd6 35. Rb6 Qd8 36. Qb2 Rf1 37. Qb5 Rd1 38. Nxc5 Rf1 39. Ne6 Qe7 40. c5 1-0

[Event "Egypt Open 2016"]
[Site "Eastern Company Club"]
[Date "2016.04.23"]
[Round "2"]
[Board "30"]
[White "Sayed Hassan, Mohamed"]
[Black "Tawfeik, Ahmed Gamal"]
[Result "1-0"]
[WhiteElo "2177"]
[BlackElo "1944"]
[PlyCount "51"]
[EventDate "2016.04.22"]
[EventRounds "9"]
[EventCountry "EGY"]

1. d4 Nf6 2. c4 e6 3. Nf3 Bb4+ 4. Bd2 a5 5. g3 b6 6. Bg2 Bb7 7. O-O O-O 8. Bf4
Ra7 9. c5 a4 10. a3 Ba5 11. Qxa4 bxc5 12. dxc5 Bc6 13. Qd4 Bd5 14. b4 Nc6 15.
Qb2 d6 16. bxa5 dxc5 17. Rd1 Qa8 18. Nc3 Rb8 19. Qc1 Nxa5 20. Nxd5 Nxd5 21. Nd2
Nxf4 22. gxf4 c6 23. Qxc5 Ra6 24. Rab1 Nb7 25. Qe7 Nd8 26. Qe8# 1-0

[Event "Egypt Open 2016"]
[Site "Eastern Company Club"]
[Date "2016.04.23"]
[Round "2"]
[Board "32"]
[White "Ismail, Youssef"]
[Black "Sadek, Taha"]
[Result "1-0"]
[WhiteElo "2164"]
[BlackElo "1929"]
[PlyCount "55"]
[EventDate "2016.04.22"]
[EventRounds "9"]
[EventCountry "EGY"]

1. c4 c5 2. Nc3 Nf6 3. Nf3 d5 4. cxd5 Nxd5 5. e4 Nb6 6. Bb5+ Bd7 7. d4 cxd4 8.
Nxd4 e6 9. O-O a6 10. Nxe6 fxe6 11. Qh5+ g6 12. Qe5 axb5 13. Qxh8 b4 14. Bh6
Qe7 15. Nd5 Nxd5 16. exd5 Na6 17. Rac1 b6 18. dxe6 Bxe6 19. Rcd1 Nc5 20. Rfe1
Nd7 21. Bg5 Qf7 22. Rd6 Nc5 23. Rxb6 Rc8 24. Qe5 Bg7 25. Rxe6+ Nxe6 26. Qd6 Qc7
27. Rxe6+ Kf7 28. Re7+ 1-0

[Event "Egypt Open 2016"]
[Site "Eastern Company Club"]
[Date "2016.04.23"]
[Round "2"]
[Board "33"]
[White "Radwan, Mohamed A.Fatah"]
[Black "Lotfy, Abdel Rahman"]
[Result "0-1"]
[WhiteElo "1929"]
[BlackElo "2156"]
[PlyCount "67"]
[EventDate "2016.04.22"]
[EventRounds "9"]
[EventCountry "EGY"]

1. e4 c5 2. Nf3 Nc6 3. Nc3 Nf6 4. Bb5 g6 5. O-O Bg7 6. e5 Ng4 7. Bxc6 dxc6 8.
Re1 O-O 9. h3 Nh6 10. d3 Nf5 11. Bf4 Nd4 12. Ne4 b6 13. c3 Ne6 14. Be3 Qd5 15.
Qc2 f5 16. Neg5 f4 17. Nxe6 Bxe6 18. c4 Qd7 19. Bd2 Bxh3 20. Re4 Bf5 21. e6 Qd8
22. Rxf4 Qxd3 23. Qa4 Bxe6 24. Qxc6 Bxc4 25. Re1 Qd5 26. Qxd5+ Bxd5 27. Rxe7
Rxf4 28. Bxf4 Bxf3 29. gxf3 Bxb2 30. Kg2 Bg7 31. Rc7 h6 32. Kg3 g5 33. Bd6 Rd8
34. Rc6 0-1

[Event "Egypt Open 2016"]
[Site "Eastern Company Club"]
[Date "2016.04.23"]
[Round "2"]
[Board "34"]
[White "Zayan, Mohamed"]
[Black "Elbadawy, Ahmed"]
[Result "1-0"]
[WhiteElo "2154"]
[BlackElo "1925"]
[PlyCount "98"]
[EventDate "2016.04.22"]
[EventRounds "9"]
[EventCountry "EGY"]

1. e4 e5 2. Nf3 Nc6 3. Bb5 Nd4 4. Nxd4 exd4 5. O-O Bc5 6. Bc4 Ne7 7. Bxf7+ Kxf7
8. Qh5+ g6 9. Qxc5 Nc6 10. Qd5+ Kg7 11. f4 d6 12. d3 Qf6 13. f5 Rf8 14. Nd2 Qf7
15. Qxf7+ Rxf7 16. fxg6 Rxf1+ 17. Kxf1 hxg6 18. Nf3 Bg4 19. h3 Bxf3 20. gxf3
Nb4 21. Bd2 Na6 22. Kg2 c5 23. a3 Kf6 24. h4 Nc7 25. Bg5+ Ke6 26. Re1 Rf8 27.
Kg3 Kd7 28. f4 d5 29. Kg4 b5 30. e5 Ne6 31. Bf6 Rg8 32. Re2 c4 33. f5 gxf5+ 34.
Kxf5 Rg1 35. Rh2 Nf8 36. h5 Rf1+ 37. Kg5 Rg1+ 38. Kf4 Ke6 39. h6 Nh7 40. Bg7 a5
41. dxc4 dxc4 42. Rd2 Kd5 43. Kf5 Rg5+ 44. Kf4 Rg1 45. Re2 Ng5 46. e6 Nxe6+ 47.
Rxe6 Kxe6 48. h7 d3 49. cxd3 cxd3 1-0

[Event "Egypt Open 2016"]
[Site "Eastern Company Club"]
[Date "2016.04.23"]
[Round "2"]
[Board "35"]
[White "Ibrahim, Emad Eldin"]
[Black "Lowis, Magdy"]
[Result "1-0"]
[WhiteElo "1922"]
[BlackElo "2154"]
[PlyCount "119"]
[EventDate "2016.04.22"]
[EventRounds "9"]
[EventCountry "EGY"]

1. e4 e5 2. Nf3 Nc6 3. Bc4 Bc5 4. c3 Qe7 5. d4 Bb6 6. Bg5 Nf6 7. d5 Nb8 8. d6
cxd6 9. Nh4 Bxf2+ 10. Kf1 Bxh4 11. Bxh4 h6 12. Qd3 g5 13. Bf2 b6 14. Bd5 Ba6
15. c4 Nc6 16. a3 Rc8 17. Nd2 Nd8 18. g3 Ne6 19. b4 Nc7 20. b5 Ncxd5 21. cxd5
Bb7 22. Nc4 Ng4 23. h3 Nxf2 24. Kxf2 Rc5 25. Ne3 O-O 26. Nf5 Qf6 27. Rac1 Rfc8
28. Rxc5 Rxc5 29. g4 h5 30. Rd1 Kf8 31. Rd2 hxg4 32. hxg4 Qh8 33. Kg2 Qf6 34.
Rf2 Ke8 35. a4 Kd8 36. Ra2 Kc7 37. Qd2 a5 38. Ra3 Qd8 39. Rh3 Kb8 40. Rf3 Qc7
41. Qxg5 Rc2+ 42. Kh3 Qc5 43. Qg8+ Ka7 44. Qxf7 Qg1 45. Kh4 Qh1+ 46. Rh3 Qxe4
47. Qxd7 Qe1+ 48. Kh5 Rc8 49. Qg7 Qb4 50. Ne7 Qc4 51. Nxc8+ Qxc8 52. Rf3 Qc5
53. Qf7 e4 54. Rf4 e3 55. Re4 Kb8 56. Re8+ Bc8 57. Qe6 e2 58. Qxe2 Qxd5+ 59.
Kh6 Kb7 60. Qe7+ 1-0

[Event "Egypt Open 2016"]
[Site "Eastern Company Club"]
[Date "2016.04.23"]
[Round "2"]
[Board "36"]
[White "Nader, Mohamed"]
[Black "Elazzawy, Walid"]
[Result "1/2-1/2"]
[WhiteElo "2152"]
[BlackElo "1918"]
[PlyCount "120"]
[EventDate "2016.04.22"]
[EventRounds "9"]
[EventCountry "EGY"]

1. d4 d5 2. Nf3 Nf6 3. e3 Bg4 4. c4 c6 5. Qb3 Qb6 6. Ne5 Bf5 7. Nc3 e6 8. c5
Qc7 9. Be2 Nbd7 10. f4 h6 11. Qd1 b6 12. b4 Be7 13. O-O O-O 14. Bd2 Ne4 15.
Nxe4 Bxe4 16. Nd3 f5 17. Nb2 Kh7 18. Rc1 b5 19. Ra1 Rg8 20. a4 a6 21. Qb3 g5
22. g3 Bf6 23. Bc3 Bh8 24. Ra3 Nf6 25. Qa2 gxf4 26. exf4 Rab8 27. axb5 axb5 28.
Ra7 Rb7 29. Rxb7 Qxb7 30. Ra1 Rg7 31. Qa8 Qc7 32. Bd2 Ng8 33. Ra6 Ne7 34. Nd1
Rg8 35. Qa7 Bxd4+ 36. Kf1 Qxa7 37. Rxa7 Rg7 38. Rc7 e5 39. Nf2 exf4 40. Bxf4
Bc3 41. Bd6 Bf6 42. Bxe7 Rxe7 43. Rxc6 Bc3 44. Nd3 Ra7 45. g4 fxg4 46. Kf2 Bd4+
47. Ke1 Be3 48. Nf2 Ra1+ 49. Nd1 h5 50. Re6 Kg7 51. c6 Rc1 52. c7 Rxc7 53. Nxe3
Rc1+ 54. Nd1 Rb1 55. Bxb5 Rxb4 56. Be2 Rb1 57. Kf2 Ra1 58. Ne3 Ra2 59. Ke1 Ra1+
60. Kd2 Rh1 1/2-1/2

[Event "Egypt Open 2016"]
[Site "Eastern Company Club"]
[Date "2016.04.23"]
[Round "2"]
[Board "37"]
[White "Salah Eldin, Emad"]
[Black "Abou El Zein, Eid Mahmoud"]
[Result "0-1"]
[WhiteElo "1916"]
[BlackElo "2150"]
[PlyCount "86"]
[EventDate "2016.04.22"]
[EventRounds "9"]
[EventCountry "EGY"]

1. e4 c5 2. Nf3 Nc6 3. d4 cxd4 4. Nxd4 Nf6 5. Nc3 e5 6. Nb3 Bb4 7. Bd3 d5 8.
exd5 Nxd5 9. Bd2 Nxc3 10. bxc3 Be7 11. O-O O-O 12. f4 Bf6 13. Rb1 exf4 14. Nc5
b6 15. Ne4 Be5 16. Bxf4 Bb7 17. Rb5 f6 18. Qh5 g6 19. Qh3 Qe7 20. Bh6 Rfd8 21.
Qh4 Rf8 22. Bxf8 Rxf8 23. Rbb1 Kg7 24. Rbe1 Nd8 25. c4 Ne6 26. Ng3 Ng5 27. Ne2
Qc7 28. Nf4 Re8 29. Qg4 h5 30. Qh4 Qc6 31. Nd5 b5 32. Ne3 Bc3 33. cxb5 Qb6 34.
Qg3 Be5 35. Rf4 Qc7 36. Ref1 Bxf4 37. Rxf4 Qc5 38. Rf2 Re5 39. h4 Ne4 40. Bxe4
Rxe4 41. Qh3 f5 42. g3 f4 43. gxf4 Rxf4 0-1

[Event "Egypt Open 2016"]
[Site "Eastern Company Club"]
[Date "2016.04.23"]
[Round "2"]
[Board "38"]
[White "Salah, Sayed"]
[Black "Abdel Maksoud, Ahmed"]
[Result "1-0"]
[WhiteElo "2141"]
[BlackElo "1914"]
[PlyCount "91"]
[EventDate "2016.04.22"]
[EventRounds "9"]
[EventCountry "EGY"]

1. c4 e6 2. g3 d5 3. Bg2 Nf6 4. Nf3 Be7 5. O-O O-O 6. d3 Nbd7 7. Qc2 b6 8. Nc3
Bb7 9. cxd5 Nxd5 10. Nxd5 exd5 11. Bf4 c5 12. Rac1 Bf6 13. b4 Rc8 14. Qa4 a6
15. bxc5 Nxc5 16. Qa3 Re8 17. Rfe1 d4 18. Bd2 Qd7 19. Bb4 Ne6 20. Rxc8 Rxc8 21.
Rc1 a5 22. Bd2 Rxc1+ 23. Qxc1 Qa4 24. Qb1 b5 25. Ne1 Bxg2 26. Kxg2 b4 27. Qc2
Qd7 28. Qc4 h6 29. Nc2 Kh7 30. e4 dxe3 31. Qe4+ g6 32. Bxe3 Nc7 33. Bb6 Ne6 34.
h4 Qb5 35. Be3 Bc3 36. d4 Qc4 37. h5 a4 38. hxg6+ fxg6 39. Bf4 Nxf4+ 40. gxf4
b3 41. Qe7+ Kg8 42. Qe8+ Kg7 43. Qe7+ Kg8 44. Qe8+ Kh7 45. axb3 axb3 46. Ne3
 1-0

[Event "Egypt Open 2016"]
[Site "Eastern Company Club"]
[Date "2016.04.23"]
[Round "2"]
[Board "39"]
[White "Abel Naby, Ahmed"]
[Black "Roshdy, Mahmoud"]
[Result "1/2-1/2"]
[WhiteElo "1899"]
[BlackElo "2139"]
[PlyCount "89"]
[EventDate "2016.04.22"]
[EventRounds "9"]
[EventCountry "EGY"]

1. e4 e6 2. d4 d5 3. Nc3 Nf6 4. e5 Nfd7 5. f4 c5 6. Nf3 Nc6 7. Be3 Be7 8. Be2
a6 9. a3 b5 10. dxc5 Nxc5 11. b4 Nd7 12. Bd3 Nb6 13. Ne2 Bb7 14. Bxb6 Qxb6 15.
Ned4 Nxd4 16. Nxd4 g6 17. c3 Rc8 18. Qd2 Bc6 19. O-O Bd7 20. Kh1 h5 21. Rf3 Qc7
22. Bf1 Qb6 23. Qd3 Rc4 24. Qe3 Rc8 25. Rg3 Bh4 26. Nxb5 Qxe3 27. Nd6+ Kd8 28.
Rxe3 Bf2 29. Rf3 Bb6 30. Nxf7+ Ke7 31. Nxh8 Rxh8 32. Bxa6 Ra8 33. Bd3 Kf7 34.
Rg3 Rc8 35. Bxg6+ Ke7 36. Bxh5 Bb5 37. Rg7+ Kf8 38. Rf7+ Kg8 39. Rb7 Rc6 40.
Be8 Rxc3 41. Bxb5 Bd4 42. g3 Be3 43. a4 Rb3 44. Bf1 d4 45. Rd1 1/2-1/2

[Event "Egypt Open 2016"]
[Site "Eastern Company Club"]
[Date "2016.04.23"]
[Round "2"]
[Board "41"]
[White "Eldisy, Mohamed"]
[Black "Awadhom, Rabea"]
[Result "1/2-1/2"]
[WhiteElo "1898"]
[BlackElo "2132"]
[PlyCount "114"]
[EventDate "2016.04.22"]
[EventRounds "9"]
[EventCountry "EGY"]

1. d4 g6 2. e4 Bg7 3. Nc3 c6 4. Be3 d6 5. Qd2 Nd7 6. f4 Ngf6 7. Nf3 b5 8. e5 b4
9. exf6 bxc3 10. Qxc3 Nxf6 11. Qxc6+ Bd7 12. Qa6 O-O 13. Be2 Qc7 14. c4 Rab8
15. b3 Ng4 16. Bd2 e5 17. Ba5 Qc6 18. Qxc6 Bxc6 19. fxe5 dxe5 20. Bc7 Rbc8 21.
Bxe5 Nxe5 22. dxe5 g5 23. O-O-O Bxf3 24. Bxf3 Bxe5 25. Rd7 Rc7 26. Rhd1 Bxh2
27. Rxc7 Bxc7 28. Rd7 Bb6 29. Bd5 Kg7 30. b4 Be3+ 31. Kc2 Kg6 32. c5 a5 33. a3
axb4 34. axb4 f5 35. Kd3 Bf4 36. b5 Rc8 37. Kd4 Bg3 38. Kc4 Bf2 39. Rd6+ Kg7
40. Rc6 Rxc6 41. Bxc6 Kf6 42. b6 Ke7 43. b7 Bg3 44. Kd5 Kd8 45. Ke6 Kc7 46. Bd5
f4 47. Kf5 h6 48. Kg6 Bf2 49. c6 Be3 50. Kxh6 g4 51. Kh5 g3 52. Kg4 Bc1 53. Kf5
Be3 54. Ke5 Bd2 55. Bf3 Be3 56. Kd5 Ba7 57. Kc4 Be3 1/2-1/2

[Event "Egypt Open 2016"]
[Site "Eastern Company Club"]
[Date "2016.04.23"]
[Round "2"]
[Board "42"]
[White "Abd El Fatah, Reda Fadel"]
[Black "Yehya, Sameh"]
[Result "1/2-1/2"]
[WhiteElo "2130"]
[BlackElo "1899"]
[PlyCount "39"]
[EventDate "2016.04.22"]
[EventRounds "9"]
[EventCountry "EGY"]

1. d4 Nf6 2. c4 g6 3. Nc3 Bg7 4. e4 d6 5. Be2 O-O 6. Nf3 Na6 7. O-O e5 8. d5
Nc5 9. Qc2 a5 10. Be3 Bg4 11. h3 Bd7 12. Bd3 Nh5 13. Rad1 Nf4 14. Bxf4 exf4 15.
Nb5 f5 16. exf5 Bxf5 17. Qb1 Rf7 18. Rfe1 Qd7 19. Nbd4 Re8 20. Nxf5 1/2-1/2